| 000 | 01099cam a22003257a 4500 | ||
|---|---|---|---|
| 003 | CHAP | ||
| 005 | 20220329134815.0 | ||
| 008 | 971013s1961 r 00010 d | ||
| 010 | _a26269 | ||
| 011 | _a27241 | ||
| 035 | _a31342 | ||
| 040 | _cCHAP | ||
| 082 |
_a581.942 _bB88 |
||
| 100 | 0 | 0 |
_aButcher, Roger W. _916423 |
| 245 | 1 | 2 | _aA new illustrade British flora |
| 260 |
_aLondon : _bLeonard Hill, _c1961 |
||
| 300 |
_a2 v. _b: ilus. |
||
| 505 | _aContenido : v.1 Lycopodiaceae to salicaceae.- v.2 Ericaceatr to gramineae | ||
| 590 |
_aBATCH-UPD _b10 _c20130110 _lUCH01 _h0302 |
||
| 590 |
_aBATCH-UPD _b10 _c20130110 _lUCH01 _h2235 |
||
| 590 |
_aBATCH-UPD _b10 _c20130409 _lUCH01 _h2333 |
||
| 590 |
_aBATCH-UPD _b10 _c20130410 _lUCH01 _h1530 |
||
| 590 |
_aBATCH-UPD _b10 _c20130914 _lUCH01 _h0730 |
||
| 590 |
_aCONVERSION _b10 _c20130109 _lUCH01 _h1315 |
||
| 650 | 1 | 4 |
_aBotánica _xGran Bretaña. _914545 |
| 901 | _aBK | ||
| 942 | _cLIBRO | ||
| 949 |
_a581.942 B88 _bBC _cLIBRO _d33724000449310 _eLIBRO _fv.1 _h9653 _i31342 _si |
||
| 949 |
_a581.942 B88 _bBC _cLIBRO _d33724000449328 _eLIBRO _fv.2 _h9654 _i31342 _si |
||
| 999 |
_c26269 _d26269 |
||